000 00371nam a22001577a 4500
003 MPLRDC
005 20220104114653.0
008 210129b ||||| |||| 00| 0 eng d
082 _a294.1 CYK
100 _a陈怡魁
245 _a偏财的阳宅吉利方位
_c
260 _a
_b大林出版社
_c
300 _b
650 _a堪舆--相宅
942 _cBK
_o294.1 CYK
999 _c9297
_d9287